[Event "US Open"]
[Site "Framingham USA"]
[Date "2001.08.07"]
[EventDate "2001.08.04"]
[Round "4"]
[Result "1/2-1/2"]
[White "Fabian Doettling"]
[Black "Jennifer Shahade"]
[WhiteElo "2518"]
[BlackElo "2286"]
[PlyCount "72"]

1. d4 Nf6 2. Nf3 e6 3. c4 b6 4. g3 Bb7 5. Bg2 Be7 6. O-O O-O
7. d5 exd5 8. Nh4 c6 9. cxd5 Nxd5 10. Nf5 Nc7 11. e4 d5
12. Re1 Bf6 13. e5 Bc8 14. exf6 Bxf5 15. fxg7 Re8 16. Rxe8+
Qxe8 17. Nc3 Nba6 18. g4 Bd7 19. Bf4 Ne6 20. Bg3 Nxg7 21. Qd4
Nc5 22. Bxd5 cxd5 23. Nxd5 Kh8 24. Nf6 Qe2 25. Nxd7 Rd8
26. Qe5 Qxg4 27. Nxc5 bxc5 28. Qe7 Rd1+ 29. Kg2 Ne6 30. Qf6+
Kg8 31. Rxd1 Qxd1 32. Qe5 Qg4 33. h3 Qg6 34. Kh2 Ng5 35. Qxc5
Nf3+ 36. Kg2 Nh4+ 1/2-1/2

[Event "US Open"]
[Site "Framingham USA"]
[Date "2001.08.10"]
[EventDate "2001.08.04"]
[Round "7"]
[Result "1-0"]
[White "John William Donaldson"]
[Black "Jennifer Shahade"]
[WhiteElo "2435"]
[BlackElo "2286"]
[PlyCount "89"]

1. Nf3 c5 2. c4 Nc6 3. d4 cxd4 4. Nxd4 Nf6 5. Nc3 e6 6. g3 Qb6
7. Nb3 Ne5 8. e4 Bb4 9. Qe2 Qc6 10. Bd2 d6 11. f4 Bxc3
12. Bxc3 Ned7 13. Bg2 e5 14. O-O b6 15. Nd4 Qc7 16. Nf5 O-O
17. Rad1 Ne8 18. Kh1 Bb7 19. fxe5 Nxe5 20. Nxd6 Nxd6 21. Bxe5
Qxc4 22. Qg4 Ne8 23. b3 Qc2 24. Qf4 f6 25. Rd2 Qc5 26. Bb2 Rc8
27. Rd7 Rc7 28. Rxc7 Qxc7 29. Rd1 Qc2 30. Qd2 Qxd2 31. Rxd2 f5
32. exf5 Bxg2+ 33. Kxg2 Rxf5 34. Rd8 Kf7 35. Rd7+ Kg6 36. Rxa7
Rc5 37. Bd4 Rc2+ 38. Kf3 b5 39. h4 h5 40. Re7 Nf6 41. Re5 Rxa2
42. Rg5+ Kh6 43. Rxb5 Ng4 44. Rb6+ g6 45. Rb8 1-0

[Event "US Open"]
[Site "Framingham USA"]
[Date "2001.08.12"]
[EventDate "2001.08.04"]
[Round "9"]
[Result "1-0"]
[White "Josef I Friedman"]
[Black "Jennifer Shahade"]
[WhiteElo "2118"]
[BlackElo "2286"]
[PlyCount "77"]

1. d4 Nf6 2. Nf3 g6 3. c4 Bg7 4. Nc3 d5 5. e3 O-O 6. cxd5 Nxd5
7. Bc4 Nxc3 8. bxc3 c5 9. O-O Qc7 10. Qe2 b6 11. Bb2 Bb7
12. e4 Nc6 13. d5 Na5 14. Rad1 Nxc4 15. Qxc4 a5 16. Rfe1 Ba6
17. Qb3 b5 18. c4 bxc4 19. Qc2 Bxb2 20. Qxb2 Rab8 21. Qc3 Qb6
22. Ne5 Qb2 23. Qg3 Bb5 24. Rb1 Qd2 25. Nf3 Qxa2 26. Qe5 Qa3
27. Qxe7 c3 28. Ra1 Qb4 29. Reb1 Rfe8 30. Qf6 Qxe4 31. Qxc3
Qxd5 32. Rxa5 Qd3 33. Qa1 Bc6 34. Rd1 Qf5 35. Nd4 Qe4 36. Nf3
c4 37. Re1 Qf4 38. Ne5 Bb7 39. g3 1-0

[Event "Olympiad, women"]
[Site "Bled SLO"]
[Date "2002.11.01"]
[EventDate "2002.10.26"]
[Round "7"]
[Result "0-1"]
[White "Sofya Zigangirova"]
[Black "Jennifer Shahade"]
[WhiteElo "2241"]
[BlackElo "2331"]
[PlyCount "104"]

1. e4 c5 2. Nf3 d6 3. d4 Nf6 4. Nc3 cxd4 5. Nxd4 g6 6. Be2 Bg7
7. O-O Nc6 8. Nb3 O-O 9. Bg5 a6 10. a4 Be6 11. Kh1 Rc8 12. f4
Na5 13. Nxa5 Qxa5 14. Bd3 Rxc3 15. bxc3 Rc8 16. Qb1 Qc7
17. Qb2 Bd7 18. Rab1 Bc6 19. Bxf6 Bxf6 20. Qb3 Qa5 21. Qb4
Bxc3 22. Qxa5 Bxa5 23. Rb2 Rc7 24. Rfb1 Bd2 25. f5 Kg7 26. Rb6
Kf6 27. fxg6 hxg6 28. R6b3 Ke5 29. Kg1 a5 30. Kf1 Bb4 31. c3
Bc5 32. R3b2 b6 33. Ra1 Bxe4 34. Re1 d5 35. Bxe4 dxe4 36. g3
Rd7 37. Ke2 Rd3 38. Rc2 f5 39. Rd1 Rf3 40. Rf1 Re3+ 41. Kd1 g5
42. Kc1 f4 43. gxf4+ gxf4 44. Kb2 Rh3 45. Rg2 f3 46. Rg5+ Kf4
47. Rg7 Rxh2+ 48. Kb3 Ke3 49. c4 Re2 50. Rf7 Kd2 51. Rf4 f2
52. Rh4 Re1 0-1

[Event "Olympiad, women"]
[Site "Bled SLO"]
[Date "2002.11.04"]
[EventDate "2002.10.26"]
[Round "9"]
[Result "1-0"]
[White "Monika Socko"]
[Black "Jennifer Shahade"]
[WhiteElo "2354"]
[BlackElo "2331"]
[PlyCount "193"]

1. d4 Nf6 2. c4 e6 3. Nc3 Bb4 4. e3 O-O 5. Nge2 d5 6. a3 Be7
7. cxd5 exd5 8. b4 b6 9. Nf4 Bb7 10. Be2 Ne4 11. Bb2 Nxc3
12. Bxc3 Nd7 13. O-O Nf6 14. Qc2 Bd6 15. b5 a6 16. a4 axb5
17. axb5 Qd7 18. Rab1 Rfe8 19. Nd3 Ne4 20. Bb4 Rac8 21. Rfc1
c5 22. bxc6 Rxc6 23. Qb2 Bb8 24. Ne5 Rxc1+ 25. Rxc1 Qf5 26. f4
h5 27. Bb5 Rc8 28. Bd7 Rxc1+ 29. Qxc1 Qf6 30. Bc8 Bxe5
31. dxe5 Qc6 32. Qxc6 Bxc6 33. Be7 g6 34. Bd8 b5 35. Be7 Nc3
36. Kf2 Na2 37. Ke2 b4 38. Kd2 b3 39. Ba3 Kg7 40. g3 Bb5
41. Bb7 Bc4 42. h3 Kh6 43. g4 hxg4 44. hxg4 Kg7 45. f5 gxf5
46. gxf5 Kh6 47. Bc6 Kg5 48. e6 fxe6 49. fxe6 d4 50. e7 dxe3+
51. Kxe3 Bf7 52. Kd2 b2 53. Bxb2 Nb4 54. e8=Q Bxe8 55. Bxe8
Nd5 56. Kd3 Nf6 57. Bc6 Kf5 58. Kd4 Ke6 59. Bg2 Kf5 60. Bh3+
Kg5 61. Bc8 Kg6 62. Ke5 Nh5 63. Bc1 Ng7 64. Ba6 Kf7 65. Bc4+
Kg6 66. Bd2 Nh5 67. Bd3+ Kf7 68. Bg5 Ng7 69. Kd6 Ne8+ 70. Kd5
Ng7 71. Be2 Kg6 72. Bd8 Kf7 73. Ke5 Kg6 74. Bf6 Kf7 75. Bh4
Kg6 76. Bd3+ Kf7 77. Kd6 Ne8+ 78. Kd7 Ng7 79. Bb1 Nh5 80. Ba2+
Kg6 81. Ke7 Kf5 82. Be6+ Ke4 83. Kd6 Ng7 84. Bd5+ Kf4 85. Be1
Nf5+ 86. Kc5 Kg5 87. Bd2+ Kf6 88. Bb7 Ne7 89. Bc3+ Kg5 90. Kd6
Nf5+ 91. Ke5 Ne7 92. Bd2+ Kg6 93. Ke6 Ng8 94. Ba6 Nh6 95. Bb5
Kh5 96. Be8+ Kg4 97. Bxh6 1-0

[Event "Olympiad, women"]
[Site "Bled SLO"]
[Date "2002.11.05"]
[EventDate "2002.10.26"]
[Round "10"]
[Result "1-0"]
[White "Jennifer Shahade"]
[Black "A Mrvova"]
[WhiteElo "2331"]
[BlackElo "2236"]
[PlyCount "119"]

1. e4 c5 2. Nf3 d6 3. d4 cxd4 4. Nxd4 Nf6 5. Nc3 g6 6. Be3 Bg7
7. f3 O-O 8. Qd2 Nc6 9. O-O-O Nxd4 10. Bxd4 Be6 11. Kb1 Qc7
12. g4 Rfc8 13. h4 Qa5 14. a3 Rab8 15. h5 b5 16. h6 Bh8
17. Bxf6 Bxf6 18. Nd5 Qxd2 19. Nxf6+ exf6 20. Rxd2 Rd8 21. Be2
Kf8 22. Rhd1 Ke7 23. f4 g5 24. f5 Bc8 25. Rd4 Rb6 26. b4 Bb7
27. c4 bxc4 28. Bxc4 Rc8 29. Ka2 Ba6 30. Bxa6 Rxa6 31. Kb3
Rac6 32. b5 Rb6 33. a4 a6 34. Rd5 Rcb8 35. Kb4 axb5 36. a5 Rc6
37. Rxb5 Rxb5+ 38. Kxb5 Rc5+ 39. Kb4 Kd7 40. a6 Rc8 41. a7 Ra8
42. Ra1 Kc7 43. Kc4 Kc6 44. Ra6+ Kb7 45. Rxd6 Re8 46. Kd4 Re7
47. Rd8 Kxa7 48. Rh8 Kb6 49. Rxh7 Kc6 50. Rg7 Ra7 51. h7 Ra4+
52. Kc3 Ra3+ 53. Kc4 Rh3 54. Rxf7 Kd6 55. Rxf6+ Ke5 56. Rf7
Rh4 57. Rg7 Kf6 58. Rg6+ Ke5 59. Re6+ Kf4 60. Re7 1-0

[Event "Olympiad, women"]
[Site "Bled SLO"]
[Date "2002.11.06"]
[EventDate "2002.10.26"]
[Round "11"]
[Result "1-0"]
[White "Lilit Galojan"]
[Black "Jennifer Shahade"]
[WhiteElo "2236"]
[BlackElo "2331"]
[PlyCount "81"]

1. Nf3 Nf6 2. c4 g6 3. b3 Bg7 4. Bb2 O-O 5. g3 c5 6. Bg2 Nc6
7. O-O d6 8. d3 Bd7 9. Qd2 Rb8 10. Nc3 a6 11. Nd5 e5 12. e3
Nxd5 13. cxd5 Ne7 14. Ne1 b5 15. Rc1 b4 16. f4 exf4 17. gxf4
Bxb2 18. Qxb2 Nf5 19. e4 Ne3 20. Rf3 Nxg2 21. Nxg2 f5 22. e5
Bc8 23. exd6 Bb7 24. Rxc5 Qxd6 25. Qd4 Rbc8 26. Rxc8 Rxc8
27. Ne3 Rc1+ 28. Rf1 Rc7 29. Qe5 Rd7 30. Qxd6 Rxd6 31. Rc1
Bxd5 32. Kf2 Bc6 33. d4 Be4 34. d5 Kg7 35. Rc4 a5 36. Rc5 a4
37. bxa4 Bb1 38. Rb5 Bxa2 39. Rxb4 Kf6 40. a5 g5 41. Rb6 1-0

[Event "Mindsports"]
[Site "Beijing CHN"]
[Date "2008.10.04"]
[EventDate "2008.10.04"]
[Round "2"]
[Result "1-0"]
[White "Abby Marshall"]
[Black "Jennifer Shahade"]
[WhiteElo "2194"]
[BlackElo "2322"]
[PlyCount "94"]

1. e4 c5 2. Nf3 g6 3. d4 cxd4 4. Nxd4 Nc6 5. c4 Nf6 6. Nc3 d6
7. Be2 Nxd4 8. Qxd4 Bg7 9. Be3 O-O 10. Qd2 a5 11. O-O a4
12. Rac1 Qa5 13. h3 Bd7 14. f4 Bc6 15. Bf3 Rfd8 16. f5 Nd7
17. Qf2 Nc5 18. Rfd1 Rac8 19. Bg4 Rc7 20. Bf3 Qb4 21. Nd5 Bxd5
22. cxd5 Bxb2 23. Rc2 a3 24. fxg6 hxg6 25. Qh4 Bf6 26. Qg4
Rdc8 27. Rcd2 Nd7 28. Bf4 Bc3 29. Re2 Qa4 30. Rf1 Be5 31. Bd2
Bd4+ 32. Kh1 Ne5 33. Qg3 Qb5 34. Ree1 Nxf3 35. Qxf3 Rf8
36. Bg5 Qd7 37. Qg3 Be5 38. Qh4 b5 39. Bh6 Re8 40. Qf2 Bf6
41. Be3 b4 42. Bd4 Bxd4 43. Qxf7+ Kh8 44. Qxg6 Bg7 45. Rf5 e6
46. Rh5+ Kg8 47. Rf1 exd5 1-0

[Event "Mindsports"]
[Site "Beijing CHN"]
[Date "2008.10.04"]
[EventDate "2008.10.04"]
[Round "3"]
[Result "1-0"]
[White "Jennifer Shahade"]
[Black "Y Hernandez"]
[WhiteElo "2322"]
[BlackElo "2228"]
[PlyCount "93"]

1. e4 d6 2. d4 Nf6 3. Nc3 g6 4. Nf3 Bg7 5. h3 c6 6. Be3 O-O
7. a4 d5 8. e5 Ne4 9. Bd3 Nxc3 10. bxc3 b6 11. Qe2 Qc7 12. O-O
c5 13. c4 cxd4 14. Bxd4 dxc4 15. Bxc4 Nc6 16. Bb2 e6 17. Ba3
Rd8 18. Bd6 Qb7 19. Rad1 Bd7 20. Ng5 a6 21. Qf3 Be8 22. Ne4
Nxe5 23. Bxe5 Qc8 24. Nf6+ Kh8 25. Rxd8 Qxd8 26. Rd1 Qc8
27. Qe4 Bc6 28. Qh4 h6 29. Bd3 b5 30. Bf4 h5 31. Nxh5 gxh5
32. Qxh5+ Kg8 33. Qh7+ Kf8 34. Bh6 Bxh6 35. Qxh6+ Ke7 36. Qg5+
Kf8 37. Qf6 Qd8 38. Qh6+ Ke8 39. Qh8+ Ke7 40. Qh4+ Ke8 41. Qg3
Qf6 42. axb5 axb5 43. Be2 Bd5 44. Bf3 Bxf3 45. gxf3 Ra1
46. Qg8+ Ke7 47. Qd8+ 1-0

[Event "Mindsports"]
[Site "Beijing CHN"]
[Date "2008.10.04"]
[EventDate "2008.10.04"]
[Round "5"]
[Result "1-0"]
[White "Monika Socko"]
[Black "Jennifer Shahade"]
[WhiteElo "2434"]
[BlackElo "2322"]
[PlyCount "71"]

1. e4 c5 2. Nf3 g6 3. c4 Nc6 4. d4 cxd4 5. Nxd4 Nf6 6. Nc3 d6
7. Be2 Nxd4 8. Qxd4 Bg7 9. Be3 O-O 10. Qd2 a5 11. O-O a4
12. Rac1 Qa5 13. f3 Be6 14. Rfd1 Rfc8 15. Nd5 Qxd2 16. Rxd2
Bxd5 17. exd5 Nd7 18. Kf2 Nc5 19. Rb1 Kf8 20. Rc2 Ra6 21. b4
axb3 22. axb3 Ra3 23. b4 Na4 24. c5 Nc3 25. Rbc1 Nxd5 26. cxd6
Rd8 27. dxe7+ Kxe7 28. Bc5+ Kf6 29. Bd4+ Ke6 30. Bxg7 Nxb4
31. Bc4+ Ke7 32. Re2+ Kd7 33. Rd1+ Kc7 34. Re7+ Kc8 35. Rxd8+
Kxd8 36. Rxb7 1-0

[Event "Mindsports"]
[Site "Beijing CHN"]
[Date "2008.10.04"]
[EventDate "2008.10.04"]
[Round "6"]
[Result "1-0"]
[White "Tatjana Vasilevich"]
[Black "Jennifer Shahade"]
[WhiteElo "2368"]
[BlackElo "2322"]
[PlyCount "67"]

1. d4 Nf6 2. c4 e6 3. Nc3 Bb4 4. f3 c5 5. d5 exd5 6. cxd5 d6
7. e4 O-O 8. Nge2 Nbd7 9. Ng3 Ne5 10. Be2 Ng6 11. O-O a6
12. a3 Ba5 13. a4 Bd7 14. Be3 Rb8 15. Qd2 b5 16. axb5 axb5
17. Bg5 Bb4 18. Nh5 Kh8 19. Bxf6 gxf6 20. Ra7 c4 21. Rxd7 Qxd7
22. Qh6 Qa7+ 23. Kh1 Rg8 24. Nxf6 Rg7 25. Nh5 Rgg8 26. f4 Qe7
27. Rf3 Qh4 28. Bf1 Bxc3 29. bxc3 Qe1 30. Kg1 Ra8 31. Rh3 Ra2
32. Rf3 b4 33. Qg5 Rg7 34. Qf6 1-0

[Event "Mindsports"]
[Site "Beijing CHN"]
[Date "2008.10.04"]
[EventDate "2008.10.04"]
[Round "7"]
[Result "1/2-1/2"]
[White "Jennifer Shahade"]
[Black "Kieu Thien Kim Le"]
[WhiteElo "2322"]
[BlackElo "2291"]
[PlyCount "182"]

1. e4 Nf6 2. e5 Nd5 3. Nc3 Nxc3 4. dxc3 d6 5. Bf4 Nc6 6. Bb5
Bd7 7. exd6 exd6 8. Qd2 Be7 9. O-O-O O-O 10. Nf3 a6 11. Bd3 b5
12. h4 Be6 13. Be4 Qe8 14. Ng5 h6 15. Nh7 f5 16. Nxf8 Bxf8
17. Bd5 Bxd5 18. Qxd5+ Kh8 19. Rhe1 Qd7 20. Qe6 Qxe6 21. Rxe6
b4 22. cxb4 Nxb4 23. a3 Nc6 24. Rde1 Kg8 25. Re8 Ra7 26. Rc8
Kf7 27. h5 Be7 28. Re3 Rb7 29. Rc3 Nd4 30. Kd2 c5 31. b3 Ne6
32. Be3 d5 33. Bxc5 Bxc5 34. R3xc5 Nxc5 35. Rxc5 Rd7 36. Rc6
a5 37. Ra6 a4 38. Rxa4 Kf6 39. Ra6+ Kg5 40. a4 Kxh5 41. a5 Kg5
42. Rb6 Ra7 43. a6 f4 44. Rd6 f3 45. gxf3 Kf4 46. b4 Ke5
47. Rg6 Kd4 48. c3+ Kc4 49. Rb6 h5 50. b5 h4 51. Rb7 Ra8
52. Rxg7 Kxb5 53. Rh7 Rxa6 54. Rxh4 Rf6 55. Rh5 Kc4 56. Ke3
Re6+ 57. Kd2 Rf6 58. Rh4+ Kc5 59. f4 Kd6 60. Kd3 Ke6 61. Kd4
Rf5 62. Rh6+ Ke7 63. Rh4 Ke6 64. Rg4 Ke7 65. Ke3 Ke6 66. Rg5
Rf8 67. Re5+ Kd6 68. Rh5 Re8+ 69. Kd3 Rf8 70. f5 Ke5 71. f6+
Kxf6 72. Rxd5 Ke6 73. Rd4 Rxf2 74. c4 Rf1 75. Kd2 Rf2+ 76. Kc3
Rf1 77. Rd2 Rc1+ 78. Kb4 Ke7 79. Kc5 Ke6 80. Rd4 Ke5 81. Rd2
Ke6 82. Kd4 Kd6 83. Rh2 Rd1+ 84. Kc3 Kc5 85. Rh5+ Kc6 86. Rh6+
Kc5 87. Rh5+ Kc6 88. Kb4 Rb1+ 89. Kc3 Rc1+ 90. Kb3 Rb1+
91. Ka2 Rc1 1/2-1/2

[Event "Mindsports"]
[Site "Beijing CHN"]
[Date "2008.10.04"]
[EventDate "2008.10.04"]
[Round "8"]
[Result "1-0"]
[White "Ghate Swathi"]
[Black "Jennifer Shahade"]
[WhiteElo "2320"]
[BlackElo "2322"]
[PlyCount "91"]

1. e4 c5 2. Nf3 d6 3. d4 cxd4 4. Nxd4 Nf6 5. Nc3 g6 6. Be3 Bg7
7. f3 Nc6 8. Qd2 O-O 9. Bc4 Bd7 10. O-O-O Rc8 11. Bb3 Nxd4
12. Bxd4 b5 13. Nd5 Nxd5 14. Bxg7 Kxg7 15. Bxd5 Kg8 16. h4 a5
17. h5 e6 18. Qh6 Qf6 19. e5 dxe5 20. Be4 Bc6 21. hxg6 Qf4+
22. Qxf4 exf4 23. gxh7+ Kh8 24. Bxc6 Rxc6 25. Rd4 Rfc8 26. Rd2
Rc5 27. Kb1 e5 28. Rd7 f6 29. c3 b4 30. cxb4 axb4 31. Rhd1
R5c7 32. Rxc7 Rxc7 33. Rd8+ Kxh7 34. Rb8 Rc4 35. a4 bxa3
36. bxa3 Kg6 37. Kb2 Rd4 38. Kc3 Ra4 39. Kb3 Rd4 40. a4 Rd1
41. Kc4 Ra1 42. Rb4 Kg5 43. Kb5 Kh4 44. Rb2 f5 45. Re2 Kg3
46. a5 1-0

[Event "Mindsports"]
[Site "Beijing CHN"]
[Date "2008.10.04"]
[EventDate "2008.10.04"]
[Round "9"]
[Result "1-0"]
[White "Jennifer Shahade"]
[Black "Mary Ann Gomes"]
[WhiteElo "2322"]
[BlackElo "2298"]
[PlyCount "125"]

1. e4 c5 2. Nf3 d6 3. d4 cxd4 4. Qxd4 Nc6 5. Bb5 e5 6. Qd3 Be7
7. Nc3 Bd7 8. O-O Nf6 9. Bg5 a6 10. Bc4 b5 11. Bb3 Bg4 12. Nd5
Bxf3 13. Qxf3 Nd4 14. Nxf6+ Bxf6 15. Qh5 g6 16. Bxf6 Qxf6
17. Qd1 O-O 18. c3 Nxb3 19. axb3 Rfd8 20. Qd5 Qe6 21. Rfd1
Qxd5 22. Rxd5 Kf8 23. b4 Ke7 24. Kf1 Ke6 25. Ke2 f5 26. f3 Ra7
27. Rxb5 Rc7 28. Rxa6 fxe4 29. fxe4 Rc4 30. Ke3 Rf8 31. Rd5
Rf4 32. Rdxd6+ Ke7 33. Rdb6 Rcxe4+ 34. Kd3 Rc4 35. Rb7+ Kd8
36. Ra8+ Rc8 37. Rxc8+ Kxc8 38. Rxh7 Rf2 39. g4 Rxb2 40. Kc4
Rg2 41. h3 Rg3 42. Re7 Rxh3 43. Rxe5 Rh4 44. Rg5 Kd7 45. Rxg6
Ke7 46. Ra6 Rxg4+ 47. Kd5 Rg5+ 48. Kd4 Kd7 49. c4 Kc7 50. Rh6
Rg1 51. c5 Rd1+ 52. Kc4 Rc1+ 53. Kb5 Rg1 54. Rh7+ Kc8 55. Kb6
Rg8 56. Ra7 Kb8 57. c6 Rg6 58. b5 Rh6 59. Rb7+ Kc8 60. Rg7 Rh8
61. Ra7 Kb8 62. c7+ Kc8 63. Ra8+ 1-0

[Event "Mindsports"]
[Site "Beijing CHN"]
[Date "2008.10.04"]
[EventDate "2008.10.04"]
[Round "10"]
[Result "1-0"]
[White "Jennifer Shahade"]
[Black "Nisha Mohota"]
[WhiteElo "2322"]
[BlackElo "2311"]
[PlyCount "55"]

1. e4 Nf6 2. e5 Nd5 3. Nc3 Nxc3 4. dxc3 d5 5. Bf4 Bf5 6. Nf3
e6 7. Qd2 Be7 8. h4 c6 9. Be2 Nd7 10. Nd4 Bxh4 11. Nxf5 exf5
12. O-O-O Bxf2 13. Bh5 Bc5 14. e6 Nf6 15. Bxf7+ Ke7 16. Rde1
d4 17. Be5 Qa5 18. Qg5 dxc3 19. Qxg7 cxb2+ 20. Kb1 Ne4
21. Rxe4 fxe4 22. Qf6+ Kf8 23. Qxh8+ Ke7 24. Qf6+ Kf8 25. Qh6+
Ke7 26. Qg5+ Kf8 27. e7+ Bxe7 28. Qg8+ 1-0

[Event "Mindsports"]
[Site "Beijing CHN"]
[Date "2008.10.05"]
[EventDate "2008.10.05"]
[Round "1"]
[Result "1-0"]
[White "Yuhua Xu"]
[Black "Jennifer Shahade"]
[WhiteElo "2477"]
[BlackElo "2322"]
[PlyCount "45"]

1. e4 c5 2. Nf3 g6 3. c3 Bg7 4. d4 cxd4 5. cxd4 d5 6. e5 Bg4
7. Bb5+ Nc6 8. Bxc6+ bxc6 9. Nbd2 Nh6 10. h3 Bxf3 11. Nxf3 f6
12. O-O O-O 13. Bf4 g5 14. Bd2 Nf7 15. Re1 Qc7 16. Qc2 fxe5
17. dxe5 Bxe5 18. Nxe5 Nxe5 19. Bxg5 Ng6 20. Re6 Rac8 21. Rae1
Kf7 22. Rxe7+ Nxe7 23. Qxh7+ 1-0

[Event "Mindsports"]
[Site "Beijing CHN"]
[Date "2008.10.05"]
[EventDate "2008.10.05"]
[Round "2"]
[Result "1/2-1/2"]
[White "Jennifer Shahade"]
[Black "Y Hernandez"]
[WhiteElo "2322"]
[BlackElo "2228"]
[PlyCount "85"]

1. e4 c5 2. Nf3 e6 3. c3 Nf6 4. e5 Nd5 5. d4 cxd4 6. cxd4 Nc6
7. a3 d6 8. Bd3 Be7 9. O-O O-O 10. Qe2 b6 11. Qe4 g6 12. Bh6
Re8 13. Nc3 Bb7 14. Nxd5 exd5 15. Qf4 dxe5 16. dxe5 Bf8
17. Rfe1 Qe7 18. h4 Bxh6 19. Qxh6 Qf8 20. Qf4 Nd8 21. h5 Ne6
22. Qh4 Rac8 23. hxg6 fxg6 24. Nd4 Nc5 25. Bc2 Qe7 26. Qg4 Ne4
27. e6 Qg7 28. Bxe4 dxe4 29. Rad1 Bd5 30. b4 Rc4 31. Nf5 gxf5
32. Qxg7+ Kxg7 33. Rxd5 Kf6 34. Rd7 a5 35. bxa5 bxa5 36. Rxh7
Rxe6 37. Rh6+ Ke5 38. Rxe6+ Kxe6 39. f3 Ke5 40. fxe4 fxe4
41. Kf2 Rc2+ 42. Re2 Rc3 43. Re3 1/2-1/2

[Event "Mindsports"]
[Site "Beijing CHN"]
[Date "2008.10.05"]
[EventDate "2008.10.05"]
[Round "3"]
[Result "1-0"]
[White "Mariya Muzychuk"]
[Black "Jennifer Shahade"]
[WhiteElo "2436"]
[BlackElo "2322"]
[PlyCount "51"]

1. e4 c5 2. Nf3 g6 3. c3 Bg7 4. h4 d5 5. exd5 Qxd5 6. Na3 Nf6
7. d4 O-O 8. Nb5 Na6 9. Be3 Ng4 10. Qd2 Nxe3 11. fxe3 cxd4
12. cxd4 Bg4 13. Nc3 Qa5 14. Be2 Rad8 15. Rd1 e5 16. d5 Rfe8
17. e4 f5 18. Ng5 Bxe2 19. Qxe2 Nc5 20. exf5 gxf5 21. Qh5 h6
22. Qf7+ Kh8 23. Qxf5 hxg5 24. hxg5+ Kg8 25. Qh7+ Kf8 26. Rf1+
1-0

[Event "Mindsports"]
[Site "Beijing CHN"]
[Date "2008.10.06"]
[EventDate "2008.10.05"]
[Round "4"]
[Result "1-0"]
[White "Jennifer Shahade"]
[Black "Atousa Pourkashiyan"]
[WhiteElo "2322"]
[BlackElo "2241"]
[PlyCount "139"]

1. e4 c5 2. Nf3 e6 3. c3 Nf6 4. e5 Nd5 5. d4 cxd4 6. cxd4 d6
7. a3 Be7 8. Bd3 Nc6 9. O-O O-O 10. Qe2 Qc7 11. Qe4 g6 12. Bh6
Rd8 13. Nbd2 dxe5 14. dxe5 Bd7 15. Rac1 Be8 16. Nc4 Nb6
17. Ne3 Rd7 18. Ng4 Rad8 19. Bb1 Nd5 20. Ba2 Qb6 21. Bxd5 Rxd5
22. Qf4 Nd4 23. Nxd4 Qxd4 24. Qf3 Kh8 25. Nf6 Qxe5 26. Nxe8
Rxe8 27. Qxf7 Rdd8 28. Bd2 Rf8 29. Qxe7 Rfe8 30. Qb4 Qg7
31. Bc3 e5 32. Qe4 Rc8 33. Rcd1 b5 34. Rd5 Rc4 35. Qe2 Kg8
36. Rxb5 Rc6 37. Rxe5 Rxe5 38. Qxe5 Qxe5 39. Bxe5 a5 40. Bc3
a4 41. h3 Kf7 42. Rd1 Ke6 43. Rd4 Ra6 44. Kf1 Kf5 45. Ke2 h5
46. g4+ hxg4 47. hxg4+ Kg5 48. Kf3 Kh4 49. Rf4 Rd6 50. Rd4
Rf6+ 51. Rf4 Rd6 52. Rxa4 Rd3+ 53. Ke2 Rd7 54. Bf6+ g5 55. Ra5
Kxg4 56. Rxg5+ Kf4 57. Rg7 Rd6 58. Bg5+ Kf5 59. Be3 Kf6
60. Rh7 Rd5 61. b4 Ke6 62. Rh6+ Kd7 63. Bc5 Re5+ 64. Kd3 Rf5
65. a4 Kc7 66. Kc4 Kb7 67. Rh7+ Kc8 68. Kb5 Rf3 69. Kc6 Rf6+
70. Bd6 1-0

[Event "Mindsports"]
[Site "Beijing CHN"]
[Date "2008.10.06"]
[EventDate "2008.10.05"]
[Round "5"]
[Result "0-1"]
[White "Jennifer Shahade"]
[Black "Jolanta Zawadzka"]
[WhiteElo "2322"]
[BlackElo "2378"]
[PlyCount "90"]

1. e4 c5 2. Nf3 e6 3. c3 Nf6 4. e5 Nd5 5. d4 cxd4 6. cxd4 d6
7. a3 Nc6 8. Bd3 Be7 9. O-O O-O 10. Qe2 Bd7 11. Qe4 f5
12. exf6 Nxf6 13. Qh4 h6 14. Nc3 d5 15. Qg3 Kh8 16. Ne5 Be8
17. Ng6+ Bxg6 18. Qxg6 Qe8 19. Qxe8 Raxe8 20. Bg6 Rc8 21. Be3
Bd8 22. Nb5 Bb6 23. Nd6 Rc7 24. Rfc1 Rd7 25. Nxb7 Nxd4
26. Bxd4 Bxd4 27. Nc5 Rd6 28. Rab1 Ng4 29. Nd3 e5 30. Bh5 Nxf2
31. Nxf2 Rxf2 32. Kh1 Rxb2 33. Rxb2 Bxb2 34. Rc8+ Kh7 35. Rc7
Bd4 36. Bg4 Kg6 37. h4 h5 38. Be2 e4 39. g4 hxg4 40. Bxg4 Bb6
41. Re7 Kf6 42. Re8 Rc6 43. Kg2 Rc2+ 44. Kg3 Bc7+ 45. Kh3 Rh2+
0-1

[Event "Mindsports"]
[Site "Beijing CHN"]
[Date "2008.10.06"]
[EventDate "2008.10.05"]
[Round "6"]
[Result "1-0"]
[White "Mary Ann Gomes"]
[Black "Jennifer Shahade"]
[WhiteElo "2298"]
[BlackElo "2322"]
[PlyCount "69"]

1. Nf3 c5 2. c4 g6 3. Nc3 Bg7 4. g3 Nc6 5. Bg2 e5 6. O-O Nge7
7. d3 O-O 8. e4 d6 9. Nh4 f5 10. f4 Rb8 11. Kh1 Nd4 12. Be3 a6
13. Qd2 Nec6 14. Nd5 Be6 15. Rab1 b5 16. b3 Kh8 17. Rf2 bxc4
18. dxc4 exf4 19. Nxf4 Bf7 20. exf5 g5 21. Nfg6+ hxg6 22. Bxg5
Qe8 23. fxg6 Bxg6 24. Rxf8+ Bxf8 25. Re1 Ne5 26. Bf6+ Kh7
27. Nxg6 Qxg6 28. Be4 Nf5 29. Bxe5 dxe5 30. Qd7+ Kh6 31. Bxf5
Qd6 32. Qh7+ Kg5 33. h4+ Kf6 34. Rf1 Qc6+ 35. Be4+ 1-0

[Event "Mindsports"]
[Site "Beijing CHN"]
[Date "2008.10.06"]
[EventDate "2008.10.05"]
[Round "7"]
[Result "1/2-1/2"]
[White "Jennifer Shahade"]
[Black "Abby Marshall"]
[WhiteElo "2322"]
[BlackElo "2194"]
[PlyCount "25"]

1. e4 e5 2. Nf3 Nc6 3. Bc4 Nf6 4. d3 Bc5 5. O-O d6 6. a4 a6
7. c3 O-O 8. Re1 Ba7 9. Nbd2 Qe7 10. Nf1 Be6 11. Ng3 h6 12. h3
Rad8 13. Ba2 1/2-1/2

[Event "Mindsports"]
[Site "Beijing CHN"]
[Date "2008.10.07"]
[EventDate "2008.10.05"]
[Round "8"]
[Result "0-1"]
[White "Nicole Tagnon"]
[Black "Jennifer Shahade"]
[WhiteElo "1956"]
[BlackElo "2322"]
[PlyCount "44"]

1. e4 c5 2. Nf3 d6 3. d4 Nf6 4. Nc3 cxd4 5. Nxd4 g6 6. Be3 Bg7
7. f3 Nc6 8. Qd2 O-O 9. O-O-O d5 10. exd5 Nxd5 11. Nxd5 Qxd5
12. Nb3 Qe5 13. c3 Rd8 14. Qf2 Rxd1+ 15. Kxd1 Be6 16. Kc1 Rc8
17. Kb1 Nb4 18. g4 Nxa2 19. Nd4 Nxc3+ 20. bxc3 Rxc3 21. Bb5
Rxe3 22. Rd1 Bb3 0-1

[Event "Mindsports"]
[Site "Beijing CHN"]
[Date "2008.10.07"]
[EventDate "2008.10.05"]
[Round "9"]
[Result "1/2-1/2"]
[White "Jennifer Shahade"]
[Black "Iryna Zenyuk"]
[WhiteElo "2322"]
[BlackElo "2237"]
[PlyCount "20"]

1. d4 d5 2. Nf3 Nf6 3. Bg5 e6 4. Nbd2 Be7 5. e3 O-O 6. Bd3
Nbd7 7. O-O h6 8. Bh4 b6 9. Qe2 c5 10. c3 Bb7 1/2-1/2

[Event "Mindsports"]
[Site "Beijing CHN"]
[Date "2008.10.13"]
[EventDate "2008.10.13"]
[Round "1"]
[Result "0-1"]
[White "Jennifer Shahade"]
[Black "Sheri Cua"]
[WhiteElo "2322"]
[BlackElo "2143"]
[PlyCount "123"]

1. e4 e6 2. d4 d5 3. exd5 exd5 4. c4 Nf6 5. Nc3 Be7 6. Bd3 O-O
7. Nge2 dxc4 8. Bxc4 c6 9. O-O Nbd7 10. Nf4 Nb6 11. Bb3 Bd6
12. Qf3 Bg4 13. Qd3 Qc7 14. g3 Rad8 15. Be3 Rfe8 16. Rac1 Qb8
17. a4 a5 18. Rfe1 Bb4 19. Qb1 Qc8 20. Qa2 Rd7 21. Bd1 Bf5
22. Bf3 Red8 23. Red1 Qb8 24. Qb3 Qd6 25. d5 c5 26. Nb5 Qe7
27. d6 Qe5 28. Nd5 Nbxd5 29. Bxd5 Nxd5 30. Qxd5 Qxd5 31. Rxd5
Be6 32. Rdd1 b6 33. Bf4 f6 34. Re1 Bxe1 35. Rxe1 Kf7 36. h4 h6
37. h5 Bg4 38. Nc7 Bxh5 39. Nd5 g5 40. Bc1 Rxd6 41. Nc3 Re6
42. Rf1 Bf3 43. Nb5 h5 44. Be3 h4 45. gxh4 gxh4 46. Kh2 Rg8
47. Rc1 Rg2+ 48. Kh3 f5 49. Rc3 Reg6 50. Bf4 Be4 51. Re3 Rxf2
52. Nd6+ Kf8 53. Rxe4 fxe4 54. Nxe4 Rf3+ 55. Kxh4 Kf7 56. Be5
Re6 57. Kg4 Rf1 58. Kg3 Ke7 59. Kg4 Rf7 60. Bf4 Re5 61. Bxe5
Rf6 62. Bxf6+ 0-1

[Event "Mindsports"]
[Site "Beijing CHN"]
[Date "2008.10.13"]
[EventDate "2008.10.13"]
[Round "2"]
[Result "1/2-1/2"]
[White "Irina Berezina"]
[Black "Jennifer Shahade"]
[WhiteElo "2252"]
[BlackElo "2322"]
[PlyCount "67"]

1. Nf3 c5 2. g3 Nc6 3. Bg2 g6 4. O-O Bg7 5. d3 e5 6. e4 Nge7
7. Re1 O-O 8. c3 d5 9. Qc2 h6 10. a4 Be6 11. Na3 Kh7 12. Bd2
f5 13. exd5 Nxd5 14. Nc4 Qc7 15. Re2 Rae8 16. Rae1 Bg8 17. Bc1
a6 18. h4 b5 19. axb5 axb5 20. Ne3 e4 21. dxe4 fxe4 22. Nd2
Ne5 23. Bxe4 Nf6 24. Bg2 Be6 25. f4 Nc6 26. Nf3 Qd7 27. Ne5
Nxe5 28. fxe5 Ng4 29. Nxg4 Bxg4 30. Re3 Bf5 31. Qe2 c4 32. Rd1
Bd3 33. Qe1 Rf5 34. Bh3 1/2-1/2